[Event "Barcelona Sant Marti op-B 23rd"]
[Site "Barcelona"]
[Date "2023.07.20"]
[Round "8"]
[White "Lopez Manzano, Antonio"]
[Black "Garcia Quevedo, Jose"]
[Result "1/2-1/2"]
[WhiteElo "1872"]
[BlackElo "1759"]
[PlyCount "55"]
[EventDate "2023.07.13"]
[EventType "swiss"]
[EventRounds "9"]
[EventCountry "ESP"]
[SourceTitle "CBM 215 Extra"]
[Source "ChessBase"]
[SourceDate "2023.09.30"]
[SourceVersion "1"]
[SourceVersionDate "2023.09.30"]
[SourceQuality "1"]

1. d4 Nf6 2. Bf4 d5 3. e3 g6 4. Nc3 c6 5. Nf3 Bg7 6. Ne5 0-0 7. h4 h5 8. Bd3 Nbd7 9. Qd2 c5 10. Be2 cxd4 11. exd4 Ne4 12. Nxe4 dxe4 13. Nxd7 Bxd7 14. 0-0-0 Rc8 15. Kb1 Bf5 16. Be3 Qc7 17. Rhg1 Rfd8 18. g4 hxg4 19. Bxg4 Bxg4 20. Rxg4 Bxd4 21. Qe2 Bxe3 22. Rxd8+ Rxd8 23. fxe3 Qh2 24. Qe1 Rd2 25. a3 Rxc2 26. Qb4 Qd2 27. Qxd2 Rxd2 28. h5 1/2-1/2

[Event "Barcelona Sant Marti op-B 23rd"]
[Site "Barcelona"]
[Date "2023.07.18"]
[Round "6"]
[White "Lopez Manzano, Antonio"]
[Black "Colome Rovira, Oscar"]
[Result "1-0"]
[WhiteElo "1872"]
[BlackElo "1758"]
[PlyCount "115"]
[EventDate "2023.07.13"]
[EventType "swiss"]
[EventRounds "9"]
[EventCountry "ESP"]
[SourceTitle "CBM 215 Extra"]
[Source "ChessBase"]
[SourceDate "2023.09.30"]
[SourceVersion "1"]
[SourceVersionDate "2023.09.30"]
[SourceQuality "1"]

1. d4 d5 2. Bf4 Nf6 3. e3 Bf5 4. c4 e6 5. Nc3 Bd6 6. Bg3 dxc4 7. Bxc4 0-0 8. Qb3 Qc8 9. Rc1 a6 10. Nf3 Nc6 11. Bxd6 cxd6 12. Be2 b5 13. Nh4 Qd7 14. Nxf5 exf5 15. Bf3 Rac8 16. 0-0 Na5 17. Qd1 b4 18. Nd5 Nxd5 19. Bxd5 Rxc1 20. Qxc1 Rc8 21. Qd2 Qb5 22. Rc1 Nc6 23. Bc4 Qb7 24. Qd3 Na5 25. Rc2 Nxc4 26. Rxc4 Rxc4 27. Qxc4 g6 28. d5 a5 29. Qc6 Qb8 30. Kf1 Kf8 31. Ke2 Qd8 32. Qc4 Qg5 33. Qf4 Qe7 34. Kd3 Qd7 35. Qc4 Qa4 36. Kd2 Qd7 37. b3 h5 38. Kd3 Ke7 39. h4 f6 40. Qc6 Qd8 41. Qb7+ Kf8 42. Qh7 Qb6 43. Qxg6 Qb5+ 44. Kd2 Qxd5+ 45. Ke2 Qe5 46. Qxh5 Qb2+ 47. Kf3 Qxa2 48. Qh8+ Ke7 49. Qg7+ Ke6 50. h5 a4 51. h6 Qxb3 52. h7 Qd1+ 53. Kf4 Qg4+ 54. Qxg4 fxg4 55. h8Q Kd5 56. Qxf6 Kc4 57. Qb2 b3 58. Qa3 1-0

[Event "Barcelona Sant Marti op-B 23rd"]
[Site "Barcelona"]
[Date "2023.07.15"]
[Round "3"]
[White "Tardio Fran, Emilio"]
[Black "Lopez Manzano, Antonio"]
[Result "1/2-1/2"]
[WhiteElo "1697"]
[BlackElo "1872"]
[PlyCount "24"]
[EventDate "2023.07.13"]
[EventType "swiss"]
[EventRounds "9"]
[EventCountry "ESP"]
[SourceTitle "CBM 215 Extra"]
[Source "ChessBase"]
[SourceDate "2023.09.30"]
[SourceVersion "1"]
[SourceVersionDate "2023.09.30"]
[SourceQuality "1"]

1. e4 c5 2. Nf3 g6 3. d4 cxd4 4. Nxd4 Nc6 5. Be3 Nf6 6. Nc3 Bg7 7. Qd2 Ng4 8. Nxc6 bxc6 9. Bd4 e5 10. Bc5 Bh6 11. Qd3 a5 12. Rd1 Ba6 1/2-1/2

[Event "Barcelona Sant Marti op-B 21st"]
[Site "Barcelona"]
[Date "2019.07.20"]
[Round "8"]
[White "Iborra Polo, Eric"]
[Black "Lopez Manzano, Antonio"]
[Result "1/2-1/2"]
[WhiteElo "1539"]
[BlackElo "1908"]
[PlyCount "96"]
[EventDate "2019.07.13"]
[EventType "swiss"]
[EventRounds "9"]
[EventCountry "ESP"]
[SourceTitle "EXT 2020"]
[Source "ChessBase"]
[SourceDate "2019.10.17"]
[SourceVersion "1"]
[SourceVersionDate "2019.10.17"]
[SourceQuality "1"]

1. e4 c5 2. Nf3 g6 3. c3 Bg7 4. d4 cxd4 5. cxd4 d5 6. e5 Nc6 7. Nc3 Bg4 8. Be2 e6 9. 0-0 Nh6 10. Be3 Nf5 11. Qd2 0-0 12. Rfd1 f6 13. exf6 Bxf6 14. Ng5 Nxe3 15. Bxg4 Nxd1 16. Nxe6 Qe7 17. Rxd1 Qd7 18. Qf4 Rf7 19. Nc5 Bxd4 20. Qxd4 Qd6 21. Qxd5 Qxd5 22. Rxd5 Re7 23. g3 Ne5 24. Be2 b6 25. N5e4 Rc8 26. f4 Nc6 27. Bg4 Rf8 28. Rd7 Rxd7 29. Bxd7 Nd4 30. Kf2 Rd8 31. Ke3 Nc2+ 32. Kf2 Kg7 33. Bg4 Nd4 34. Ng5 h6 35. Nge4 Kf7 36. Bd1 b5 37. Ne2 Nc6 38. Bb3+ Ke7 39. Ke3 Na5 40. Nd4 Rc8 41. Nxb5 Nxb3 42. axb3 a6 43. Nd4 Rc1 44. Kd2 Rh1 45. h4 Ra1 46. Kc3 Re1 47. Kd3 Rb1 48. Kc2 Re1 1/2-1/2

[Event "Barcelona Sant Marti op-B 21st"]
[Site "Barcelona"]
[Date "2019.07.17"]
[Round "5"]
[White "Lopez Manzano, Antonio"]
[Black "Fernandez Egea, Andres"]
[Result "0-1"]
[WhiteElo "1908"]
[BlackElo "1838"]
[PlyCount "124"]
[EventDate "2019.07.13"]
[EventType "swiss"]
[EventRounds "9"]
[EventCountry "ESP"]
[SourceTitle "EXT 2020"]
[Source "ChessBase"]
[SourceDate "2019.10.17"]
[SourceVersion "1"]
[SourceVersionDate "2019.10.17"]
[SourceQuality "1"]

1. d4 Nf6 2. c4 g6 3. Nc3 Bg7 4. e4 d6 5. Nf3 0-0 6. h3 a5 7. Be3 Na6 8. Be2 c6 9. 0-0 e5 10. dxe5 dxe5 11. Qxd8 Rxd8 12. Nxe5 Nxe4 13. Nxe4 Bxe5 14. Nc3 Nb4 15. Rad1 Bf5 16. Bb6 Re8 17. Bd4 Bxd4 18. Rxd4 Nxa2 19. Rd2 Nxc3 20. bxc3 Rxe2 21. Rxe2 Bd3 22. Rb2 Bxf1 23. Kxf1 Ra7 24. Ke2 a4 25. c5 a3 26. Ra2 Ra5 27. Kd3 Rxc5 28. Rxa3 Rd5+ 29. Ke3 Re5+ 30. Kd3 Kg7 31. c4 Rf5 32. Ke3 b5 33. cxb5 cxb5 34. Rb3 h5 35. h4 Kf6 36. f3 Ke6 37. g4 Rd5 38. Rb4 Kd6 39. Rb1 Kc6 40. Ke4 Rc5 41. Kd4 hxg4 42. fxg4 Rc4+ 43. Ke5 Rxg4 44. Rc1+ Kb6 45. Rf1 f5 46. Rh1 Rc4 47. h5 gxh5 48. Rxh5 f4 49. Rh6+ Ka5 50. Kd5 f3 51. Rf6 Rc3 52. Rf4 b4 53. Rf8 Ka4 54. Kd4 Kb3 55. Rf7 Kc2 56. Rh7 Rd3+ 57. Ke4 f2 58. Rf7 Rd2 59. Ke3 b3 60. Rc7+ Kd1 61. Rf7 b2 62. Rxf2 Rxf2 0-1

[Event "Barcelona Sant Marti op-B 20th"]
[Site "Barcelona"]
[Date "2018.07.19"]
[Round "7"]
[White "Cabrera Marmol, Manel"]
[Black "Lopez Manzano, Antonio"]
[Result "1-0"]
[WhiteElo "1714"]
[BlackElo "1900"]
[PlyCount "71"]
[EventDate "2018.07.13"]
[EventType "swiss"]
[EventRounds "9"]
[EventCountry "ESP"]
[SourceTitle "EXT 2019"]
[Source "ChessBase"]
[SourceDate "2018.10.10"]
[SourceVersion "1"]
[SourceVersionDate "2018.10.10"]
[SourceQuality "1"]

1. e4 c5 2. d4 cxd4 3. c3 dxc3 4. Nxc3 Nc6 5. Nf3 e6 6. Bc4 a6 7. 0-0 Nge7 8. Bg5 h6 9. Bh4 g5 10. Bg3 Ng6 11. Qe2 g4 12. Nd2 h5 13. f4 Bc5+ 14. Kh1 b5 15. Bb3 Nd4 16. Qd3 h4 17. Be1 Qc7 18. e5 h3 19. Rc1 hxg2+ 20. Kxg2 Bb7+ 21. Nce4 Nxf4+ 22. Rxf4 Qxe5 23. Bg3 Nf5 24. Rxc5 Qxc5 25. Bf2 Qe5 26. Bg3 Nxg3 27. hxg3 f5 28. Kg1 fxe4 29. Nxe4 Bxe4 30. Rxe4 Qc5+ 31. Kg2 Qh5 32. Bxe6 Qh2+ 33. Kf1 Rf8+ 34. Bf5+ Kf7 35. Qxd7+ Kg8 36. Rxg4+ 1-0

[Event "Barcelona Sant Marti op-B 20th"]
[Site "Barcelona"]
[Date "2018.07.16"]
[Round "4"]
[White "Lopez Manzano, Antonio"]
[Black "Domenche Redondo, Francesco"]
[Result "1-0"]
[WhiteElo "1900"]
[BlackElo "1652"]
[PlyCount "51"]
[EventDate "2018.07.13"]
[EventType "swiss"]
[EventRounds "9"]
[EventCountry "ESP"]
[SourceTitle "EXT 2019"]
[Source "ChessBase"]
[SourceDate "2018.10.10"]
[SourceVersion "1"]
[SourceVersionDate "2018.10.10"]
[SourceQuality "1"]

1. d4 d5 2. c4 e6 3. Nc3 Nf6 4. cxd5 exd5 5. Bg5 Be7 6. e3 c6 7. Qc2 0-0 8. Bd3 h6 9. Bh4 Be6 10. Nge2 Nbd7 11. f3 c5 12. 0-0 Qa5 13. Kh1 c4 14. Bf5 Qb6 15. g4 g5 16. Bg3 a6 17. Rad1 Bxf5 18. gxf5 Qc6 19. e4 dxe4 20. fxe4 Nh5 21. Bf2 Ndf6 22. d5 Qd6 23. Rg1 b5 24. a3 Kh7 25. Bd4 Nd7 26. f6 1-0

[Event "Barcelona Sant Marti op-B 19th"]
[Site "Barcelona"]
[Date "2017.07.21"]
[Round "9"]
[White "Zheng, Hong Wei"]
[Black "Lopez Manzano, Antonio"]
[Result "0-1"]
[WhiteElo "1572"]
[BlackElo "1898"]
[PlyCount "58"]
[EventDate "2017.07.13"]
[EventType "swiss"]
[EventRounds "9"]
[EventCountry "ESP"]
[SourceTitle "EXT 2018"]
[Source "ChessBase"]
[SourceDate "2017.10.13"]
[SourceVersion "1"]
[SourceVersionDate "2017.10.13"]
[SourceQuality "1"]

1. e4 g6 2. g3 Bg7 3. Bg2 c5 4. d3 Nc6 5. Nf3 d6 6. c3 e6 7. Qe2 Nge7 8. 0-0 0-0 9. Na3 Rb8 10. Nc2 b5 11. Bd2 b4 12. Ne3 a5 13. Rab1 Ba6 14. c4 d5 15. exd5 exd5 16. Ng4 dxc4 17. dxc4 h5 18. Ne3 Re8 19. Qd1 Nd4 20. b3 Bb7 21. Bc1 Be4 22. Rb2 Nxf3+ 23. Bxf3 Qxd1 24. Bxd1 Bxb2 25. Bxb2 Rbd8 26. f3 Bd3 27. Rf2 Nf5 28. Nxf5 Bxf5 29. Bc2 Bh3 0-1

[Event "Barcelona Sant Marti op-B 19th"]
[Site "Barcelona"]
[Date "2017.07.19"]
[Round "7"]
[White "Mota, Pankit"]
[Black "Lopez Manzano, Antonio"]
[Result "1/2-1/2"]
[WhiteElo "1859"]
[BlackElo "1898"]
[PlyCount "70"]
[EventDate "2017.07.13"]
[EventType "swiss"]
[EventRounds "9"]
[EventCountry "ESP"]
[SourceTitle "EXT 2018"]
[Source "ChessBase"]
[SourceDate "2017.10.13"]
[SourceVersion "1"]
[SourceVersionDate "2017.10.13"]
[SourceQuality "1"]

1. e4 g6 2. d4 Bg7 3. Nc3 a6 4. Be3 d6 5. Qd2 b5 6. a4 b4 7. Nd5 a5 8. h4 h5 9. f3 c6 10. Nf4 Nd7 11. Ngh3 e5 12. dxe5 Bxe5 13. Nd3 Qxh4+ 14. Nhf2 Qe7 15. Nxe5 dxe5 16. 0-0-0 Ba6 17. Bxa6 Rxa6 18. Nd3 Ngf6 19. g4 Ra8 20. b3 Rc8 21. Nb2 Nc5 22. Bxc5 Qxc5 23. g5 Nd5 24. exd5 cxd5 25. Rhe1 Qc7 26. Qh2 0-0 27. Rxd5 Qc3 28. Qd2 Qxb3 29. Kb1 Rxc2 30. Qxc2 Qxd5 31. Qe4 Qd2 32. Qe3 Qg2 33. Re2 Qf1+ 34. Re1 Qg2 35. Re2 Qf1+ 1/2-1/2

[Event "Sant Adria de Besos op 13th"]
[Site "Sant Adria de Besos"]
[Date "2017.05.07"]
[Round "3"]
[White "Fernandez Diaz Mascort, Miguel"]
[Black "Lopez Manzano, Antonio"]
[Result "1/2-1/2"]
[WhiteElo "2246"]
[BlackElo "2099"]
[PlyCount "56"]
[EventDate "2017.04.23"]
[EventType "swiss"]
[EventRounds "9"]
[EventCountry "ESP"]
[SourceTitle "EXT 2018"]
[Source "ChessBase"]
[SourceDate "2017.10.13"]
[SourceVersion "1"]
[SourceVersionDate "2017.10.13"]
[SourceQuality "1"]

1. e4 g6 2. d4 Bg7 3. Nc3 a6 4. g3 d6 5. Bg2 Nc6 6. Be3 e5 7. Nge2 Nge7 8. 0-0 0-0 9. d5 Nb8 10. Qd2 f5 11. f3 Nd7 12. b4 Nf6 13. Bh6 Bxh6 14. Qxh6 c6 15. dxc6 Qb6+ 16. Kh1 bxc6 17. Qd2 Rd8 18. a4 d5 19. a5 Qxb4 20. Rfb1 Qd6 21. Rb6 Be6 22. Rd1 fxe4 23. Nxe4 Nxe4 24. fxe4 d4 25. c3 d3 26. Ng1 Bc4 27. Rb4 Qc5 28. Nf3 Be6 1/2-1/2

[Event "Barcelona Sant Marti op-B 18th"]
[Site "Barcelona"]
[Date "2016.07.21"]
[Round "9"]
[White "Lopez Manzano, Antonio"]
[Black "Elizondo Marquet, Juan Marcos"]
[Result "1/2-1/2"]
[WhiteElo "1917"]
[BlackElo "1870"]
[PlyCount "134"]
[EventDate "2016.07.13"]
[EventType "swiss"]
[EventRounds "9"]
[EventCountry "ESP"]
[SourceTitle "EXT 2024"]
[Source "ChessBase"]
[SourceDate "2023.10.10"]
[SourceVersion "1"]
[SourceVersionDate "2023.10.10"]
[SourceQuality "1"]

1. d4 d5 2. c4 dxc4 3. Nf3 Nf6 4. e3 Bg4 5. Bxc4 e6 6. Qb3 Bxf3 7. gxf3 c5 8. Nc3 cxd4 9. Qxb7 Nbd7 10. exd4 Be7 11. Bf4 0-0 12. 0-0 Nb6 13. Bc7 Qxd4 14. Bb3 Qb4 15. Rfe1 Rfc8 16. Rad1 Nbd5 17. Qxb4 Bxb4 18. Nxd5 exd5 19. Bf4 Bxe1 20. Rxe1 Re8 21. Rd1 a5 22. Ba4 Re2 23. Bd2 d4 24. Bb5 Re5 25. a4 Nd5 26. Rc1 Nb4 27. Rc4 Rd8 28. Rc7 h6 29. Ra7 Rc5 30. Rxa5 Nd5 31. Bd3 Rxa5 32. Bxa5 Rb8 33. Bc4 Nb4 34. b3 d3 35. Kf1 Nc6 36. Bc3 Rd8 37. Ke1 Nd4 38. Bxd4 Rxd4 39. Kd2 Kf8 40. Bxd3 Rh4 41. a5 Rxh2 42. a6 Rh1 43. b4 Ke7 44. b5 Ra1 45. b6 Kd7 46. a7 Kc6 47. Be4+ Kxb6 48. a8Q Rxa8 49. Bxa8 Kc5 50. Ke3 Kd6 51. Kf4 Ke7 52. Ke5 Kd7 53. Bd5 Ke7 54. Bc4 Kf8 55. Kd6 g6 56. Bd5 h5 57. f4 h4 58. Bg2 Kg7 59. Ke5 f6+ 60. Ke6 f5 61. Ke7 Kh6 62. Kf6 Kh5 63. Bh3 Kh6 64. Bg2 Kh5 65. f3 Kh6 66. Bh3 Kh5 67. Ke5 Kh6 1/2-1/2

[Event "Sant Adria 7th"]
[Site "Sant Adria de Besos"]
[Date "2011.06.12"]
[Round "7"]
[White "Lopez Manzano, Antonio"]
[Black "Gonzalez Martin, Fernando"]
[Result "1-0"]
[WhiteElo "2029"]
[BlackElo "1937"]
[PlyCount "89"]
[EventDate "2011.05.01"]
[EventType "swiss"]
[EventRounds "8"]
[EventCountry "ESP"]
[SourceTitle "EXT 2024"]
[Source "ChessBase"]
[SourceDate "2023.10.10"]
[SourceVersion "1"]
[SourceVersionDate "2023.10.10"]
[SourceQuality "1"]

1. d4 Nf6 2. Nf3 g6 3. Bf4 Bg7 4. e3 c5 5. c3 b6 6. Nbd2 0-0 7. Be2 Nh5 8. Bg5 Bb7 9. e4 h6 10. Be3 Nf6 11. dxc5 Ng4 12. Bf4 bxc5 13. 0-0 d6 14. Qc2 Nc6 15. Nc4 Na5 16. Nfd2 Nxc4 17. Nxc4 Ba6 18. Nxd6 Bxe2 19. Qxe2 exd6 20. Qxg4 Qb6 21. Rab1 h5 22. Qg3 Rfd8 23. Rfd1 Rd7 24. Rxd6 Rad8 25. Rxd7 Rxd7 26. h3 Qe6 27. Re1 Qxa2 28. Bc1 Qb3 29. Qf3 a5 30. e5 Re7 31. Qa8+ Kh7 32. f4 a4 33. Qd8 Re6 34. Qc7 f6 35. Qxc5 fxe5 36. fxe5 Qb8 37. Qb4 Qe8 38. Bf4 Qf7 39. Qxa4 Qf5 40. Qe4 Qf7 41. Qd5 Qe7 42. c4 Rb6 43. Re2 Qa7 44. Kh2 Qa6 45. e6 1-0

[Event "Sant Adria 6th"]
[Site "Sant Adria de Besos"]
[Date "2010.05.09"]
[Round "5"]
[White "Lopez Manzano, Antonio"]
[Black "Xanco Compains, Joan"]
[Result "1-0"]
[WhiteElo "2086"]
[BlackElo "2061"]
[PlyCount "61"]
[EventDate "2010.04.11"]
[EventType "swiss"]
[EventRounds "8"]
[EventCountry "ESP"]
[SourceTitle "EXT 2024"]
[Source "ChessBase"]
[SourceDate "2023.10.10"]
[SourceVersion "1"]
[SourceVersionDate "2023.10.10"]
[SourceQuality "1"]

1. d4 d5 2. Nf3 Nc6 3. c4 Bg4 4. cxd5 Bxf3 5. gxf3 Qxd5 6. Nc3 Qxd4 7. Qb3 Qb4 8. Qc2 Nd4 9. Qb1 Nf6 10. Bg2 e6 11. 0-0 Nf5 12. e4 Nh4 13. Bh1 Be7 14. Bf4 c6 15. Bg5 Nh5 16. Bd2 Qb6 17. f4 Qc7 18. Qc1 e5 19. Nd5 Qd7 20. Qd1 Nxf4 21. Bxf4 exf4 22. Nxf4 Qc7 23. Qg4 g5 24. Nh5 Bd6 25. Ng3 Bf4 26. Rfe1 Ng6 27. e5 Nxe5 28. Nh5 Kf8 29. Qf5 Ng6 30. Rad1 Rd8 31. Qf6 1-0